AU LIBRARIES
Centralized Library System Across Seven Campuses

Cost of Capital (Record no. 47628)

MARC details
000 -LEADER
fixed length control field 00528nam a22001817a 4500
005 - DATE AND TIME OF LATEST TRANSACTION
control field 20260601123355.0
008 - FIXED-LENGTH DATA ELEMENTS--GENERAL INFORMATION
fixed length control field 260601b |||||||| |||| 00| 0 eng d
020 ## - INTERNATIONAL STANDARD BOOK NUMBER
ISBN 978-1-118-55580-4
082 ## - DEWEY DECIMAL CLASSIFICATION NUMBER
Classification number 658.152
Author Mark PRA-C
100 ## - MAIN ENTRY--AUTHOR
Author Name Pratt , shannon P.
-- Grabowski, roger J.
245 ## - TITLE STATEMENT
Title Cost of Capital
Sub-Title APPLICATIONS ANd EXAMPLES
250 ## - EDITION STATEMENT
Edition statement 5th Ed
260 ## - PUBLICATION, DISTRIBUTION, ETC.
Place of Publication New Jersey
Name of publisher, distributor, etc. John Wiley & Sons, Inc., Hoboken,
Date of publication, distribution, etc. 2014
300 ## - PHYSICAL DESCRIPTION
Pages 1345 p.
500 ## - GENERAL NOTE
General note Includes Index.
650 ## - SUBJECT ADDED ENTRY--TOPICAL TERM
Subject / Department Business Administration
942 ## - ADDED ENTRY ELEMENTS (KOHA)
Koha item type Book

No items available.

Air University Sector E-9, Islamabad Pakistan
Email: librarian@au.edu.pk  Tel : +0092 51 9262612 Ext: 631